Temario 1981 : las 13 lunas de 1981 /

Contenido: Ciudades, Filicidio, Neoliberalismo, Energía, Recursos Marinos, Religiones, Economía Subterránea, Terrorismo, Opera, Reconversión Industrial, Socialismo, Violencia, Dolor, Centroamérica y el Caribe, Armamentos, Video, Pensamiento, Administración Pública, Hambre, Dólar, Bolsa, Estado del M...

وصف كامل

محفوظ في:
التفاصيل البيبلوغرافية
التنسيق: كتاب
اللغة:الإسبانية
منشور في: Barcelona, España : Difusora Internacional, 1982, c1982
الموضوعات:
الوسوم: إضافة وسم
لا توجد وسوم, كن أول من يضع وسما على هذه التسجيلة!

MARC

LEADER 00000nam^a2200000^a^4500
001 000026292
005 20250521000000.0
009 20260310084725.341
020 |a 84-7368-028-6 
037 |a Acervo ITESO - Biblioteca 
041 |a ESP 
082 |a 903.  |b TEM 1981 
240 1 1 |a [Anuario de los temas] 
245 1 0 |a Temario 1981 :  |b las 13 lunas de 1981 / 
264 4 |a Barcelona, España :  |b Difusora Internacional,  |c 1982, c1982 
300 |a 510 p. 
336 |a texto  |b txt  |2 rdacontenido 
337 |a sin mediación  |b n  |2 rdamedio 
338 |a volumen  |b nc  |2 rdasoporte 
520 |a Contenido: Ciudades, Filicidio, Neoliberalismo, Energía, Recursos Marinos, Religiones, Economía Subterránea, Terrorismo, Opera, Reconversión Industrial, Socialismo, Violencia, Dolor, Centroamérica y el Caribe, Armamentos, Video, Pensamiento, Administración Pública, Hambre, Dólar, Bolsa, Estado del Mundo. 
649 |a XX 
650 |a Historia Moderna -  |y Siglo XX 
650 |a Anuarios 
650 |a Cronología Histórica -  |y 1980-1989 
910 |a Fondo General 
920 |a Impresos - Libros 
930 |a Obras de Referencia 
905 |a 102 
901 |a 0262920100  |b IT2  |c REF  |i 026292  |u 20250521 
902 |a https://opac.biblio.iteso.mx/vufind/Record/000026292